000 00610nam a2200205 a 4500
005 20230512063612.0
008 991125s1942 es 000 0 spa u
035 _aUPN01000042748
049 _aCG
050 4 _aHC79 R4
_bM3.6
100 1 _aMallart y Cutó, José,
_d1897-1989
_930212
245 1 0 _aOrganización científica del trabajo /
_cJosé Mallart y Cutó.
260 _aBarcelona [Esp.] :
_bLabor,
_c1942.
300 _a232 p. :
_bil.
440 0 _aLabor.
_pEconomía ;
_v405
650 4 _aINVESTIGACION ECONOMICA
650 2 _aTrabajo
_915756
650 4 _aTRABAJO -
_xINVESTIGACION
905 _aLibro
999 _c42748
_d42748